000 00368nam a2200145 i 4500
001 bg
100 1 _aCEWE, Józef
245 0 _aRewizja gospodarcza w jednostkach i zakładach budżetowych /
_cJózef Cewe.
260 _aWarszawa,
_c1978.
040 _cBPK
041 _apol
080 _a351.82:658.1/.5
942 _cKS
008 s pl f |000 0 pol
999 _c10004
_d10004
856 _uhttp://koha.tu.koszalin.pl/cgi-bin/koha/opac-detail.pl?biblionumber=10004
_yKatalog online BPK